| 000 | 00451nam a22001697a 4500 | ||
|---|---|---|---|
| 003 | BD-ChCU | ||
| 005 | 20260128113702.0 | ||
| 008 | 260128b bg ||||| |||| 00| 0 ben d | ||
| 040 | _cBD-ChCU | ||
| 082 | _a621.38152 SZP | ||
| 100 |
_aSze. S. M. _919839 |
||
| 245 |
_aPhysics of semiconductor devices.// _cS. M. Sze. |
||
| 260 |
_aNew Delhi _bWiley Eastern. _c1979 |
||
| 300 | _axiv, 812p | ||
| 650 | 0 |
_aSemiconductors. _919840 |
|
| 942 |
_2ddc _cBK _n0 |
||
| 999 |
_c111347 _d111347 |
||